000 00458nam a22001697a 4500
005 20251108164050.0
008 250721s1997 xx 000 0 ara d
082 1 4 _a398.2/فول
100 1 _aفولر، أدموند
245 1 0 _aموسوعة الأساطير /
264 1 _aدمشق :
_bالأهالي،
_c1997.
300 _a33.ص
650 1 7 _aالأدب العربي
700 1 _aعبود، حنا
_eترجمة
942 _2ddc
_cBK
999 _c2721
_d2721